000 01141nmc a2200349 a 4500
003 AR-BaBNM
005 20251128203445.0
008 011101s1989 ||||||||||||||000 | spa||
020 _a84-323-0466-2
040 _cAR-BaBNM
245 1 0 _aPsicología genética y aprendizajes escolares
_brecopilación de textos sobre las aplicaciones pedagógicas de las teorías de Piaget
250 _a3ª ed.
260 _aMadrid
_bSiglo Veintiuno
_c1989
300 _a224 p.
_bdiagr., tablas
490 0 _aPsicología y etología
504 _aContiene bibliografía al final de cada capítulo
600 1 4 _aPiaget, Jean
650 4 _aPROCESO DE APRENDIZAJE
650 4 _aPLANIFICACION DEL CURRICULO
650 4 _aPSICOLOGIA DE LA EDUCACION
650 4 _aENSENANZA DE LA HISTORIA
650 4 _aTEORIAS DEL APRENDIZAJE
650 4 _aMETODOS DE ENSENANZA
653 _aCONSTRUCTIVISMO
653 _aEDUCACION INICIAL
700 1 _aColl, César
_ecompilador
700 0 _aReyes de Villalonga
_etraductor
700 1 _aPi-Sunyer, Santiago
_etraductor
700 1 _aPueyo, Antonio Andrés
_etraductor
942 _cBK
998 _csilvi
999 _c3469
_d3469